PRINCIPLES OF COMMUNITY MEDICINE (Record no. 8597)

MARC details
000 -LEADER
fixed length control field 00440nam a22001817a 4500
005 - DATE AND TIME OF LATEST TRANSACTION
control field 20240902113227.0
008 - FIXED-LENGTH DATA ELEMENTS--GENERAL INFORMATION
fixed length control field 240831b |||||||| |||| 00| 0 eng d
020 ## - INTERNATIONAL STANDARD BOOK NUMBER
ISBN 978-81-7473-170-8
041 ## - LANGUAGE CODE
Language code of text/sound track or separate title eng
082 ## - DEWEY DECIMAL CLASSIFICATION NUMBER
Classification number 614.44 RAO
100 ## - MAIN ENTRY--AUTHOR NAME
Personal name RAO, DR. B. SRIDHAR
245 ## - TITLE STATEMENT
Title PRINCIPLES OF COMMUNITY MEDICINE
250 ## - EDITION STATEMENT
Edition statement 6TH ED. 2015
260 ## - PUBLICATION, DISTRIBUTION, ETC. (IMPRINT)
Place of publication INDIA
Name of publisher AITBS PUBLISHERS
300 ## - PHYSICAL DESCRIPTION
Number of Pages 766; P
650 ## - SUBJECT ADDED ENTRY--TOPICAL TERM
Topical Term BPT
942 ## - ADDED ENTRY ELEMENTS (KOHA)
Koha item type Books
Holdings
Lost status Damaged status Collection code Home library Current library Shelving location Date acquired Source of acquisition Cost, normal purchase price Serial Enumeration / chronology Full call number Accession Number Koha item type
    PHYSIOTHERAPY JRU Library JRU Library SHELF-8-B RB 30/08/2024 PURCHASE 595.00 NEW ARRIVALS SHELF 614.44 28337 Books
    PHYSIOTHERAPY JRU Library JRU Library Shelf 20 F 30/08/2024 PURCHASE 595.00   614.44 28338 Books